000 00843cgm a2200241 4500
001 J1279
008 090401t1988 xxu||||| |||| 00| 0 eng d
035 _a(Sirsi) u42616
041 _aeng
110 _aCollege of Estate Management
_9400
245 _aFundamentals of air-conditioning
260 _c1988
300 _a1 videocassette (VHS) (23min.) : sd.
350 _a0
520 _aAn examination of the four main types of air conditioning systems commonly found in commercial and public buildings.
650 _aBUILT ENVIRONMENT-BUILDING ELEMENTS-COMPLETE BUILDING SERVICES ELEMENTS-COMPLETE HEATING, VENTILATION AND AIR CONDITIONING SYSTEMS
650 _aOFFICE SERVICES
650 _aProperty management
_96262
650 _aVIDEOS
690 _aBUILT ENVIRONMENT-BUILDING MATERIALS
942 _n0
948 _c04/03/1997
999 _c85247
_d85247